Рекомендации по организации самостоятельной работы с пистолетом с учетом ошибок, совершаемых стрелком при выполнении упражнений стрельб (Запись № 13068504)

Подробности
000 -МАРКЕР
контрольное поле 02660nam0a2200385 4500
001 - ИДЕНТИФИКАТОР ЗАПИСИ
контрольное поле RU\NLR\BIBL_A\016333607
005 - ИДЕНТИФИКАТОР ВЕРСИИ
контрольное поле 20240117142254.0
010 ## - МЕЖДУНАРОДНЫЙ СТАНДАРТНЫЙ НОМЕР КНИГИ (ISBN)
Номер (ISBN) 978-5-88437-921-3
Тираж 117
021 ## - НОМЕР ГОСУДАРСТВЕННОЙ РЕГИСТРАЦИИ
Код страны Российская Федерация
Номер КН-П-23-012339
Номер Листа государственной регистраци КН-П-23-1216
035 ## - ДРУГИЕ СИСТЕМНЫЕ НОМЕРА
Идентификатор записи (NLR Aleph) 016333607
035 ## - ДРУГИЕ СИСТЕМНЫЕ НОМЕРА
Идентификатор записи (RuMoRGB)011615067
100 ## - ДАННЫЕ ОБЩЕЙ ОБРАБОТКИ
Данные общей обработки 20230404d2023 u y0rusy50 ca
101 0# - ЯЗЫК РЕСУРСА
Язык текста, звукозаписи и т.д. русский
102 ## - СТРАНА ПУБЛИКАЦИИ ИЛИ ПРОИЗВОДСТВА
Страна публикации Российская Федерация
105 ## - ПОЛЕ КОДИРОВАННЫХ ДАННЫХ: ТЕКСТОВЫЕ МАТЕРИАЛЫ, МОНОГРАФИЧЕСКИЕ
Кодированные данные о монографическом текстовом документе a|||z|||000zy
181 #0 - ПОЛЕ КОДИРОВАННЫХ ДАННЫХ: ВИД СОДЕРЖАНИЯ
Код вида содержания (ISBD) i
Код характеристики содержания (ISBD) axxe
182 #0 - ПОЛЕ КОДИРОВАННЫХ ДАННЫХ: ТИП СРЕДСТВА
Код типа средства (ISBD) n - непосредственное
200 1# - ЗАГЛАВИЕ И СВЕДЕНИЯ ОБ ОТВЕТСТВЕННОСТИ
Основное заглавие Рекомендации по организации самостоятельной работы с пистолетом с учетом ошибок, совершаемых стрелком при выполнении упражнений стрельб
Сведения, относящиеся к заглавию учебно-методическое пособие
Первые сведения об ответственности А. Г. Соболев, С. А. Байрамов, Н. Ю. Николаев [и др.]
Последующие сведения об ответственности Федеральное государственное казенное образовательное учреждение высшего образования "Уральский юридический институт Министерства внутренних дел Российской Федерации", Кафедра огневой подготовки
203 ## - ВИД СОДЕРЖАНИЯ И ТИП СРЕДСТВА
Вид содержания Текст
Дополнительные сведения об издании визуальный
Тип средства непосредственный
210 ## - ПУБЛИКАЦИЯ, РАСПРОСТРАНЕНИЕ И ДР.
Место издания, распространения и т.д. Екатеринбург
Имя издателя, распространителя и т. д. Уральский юридический институт МВД России
Дата издания, распространения и т.д. 2023
215 ## - ФИЗИЧЕСКАЯ ХАРАКТЕРИСТИКА
Специфическое обозначение материала и объем 83 с.
Другие сведения о физической характеристике ил.
Размеры 20
300 ## - ОБЩИЕ ПРИМЕЧАНИЯ
Текст примечания Авт. указаны на обороте тит. с.
320 ## - ПРИМЕЧАНИЯ О НАЛИЧИИ В ДОКУМЕНТЕ БИБЛИОГРАФИИ / УКАЗАТЕЛЯ
Текст примечания Библиогр.: с. 80-82 (29 назв.)
606 1# - НАИМЕНОВАНИЕ ТЕМЫ КАК ПРЕДМЕТ
Наименование темы Органы внутренних дел
Формальный подзаголовок Учебно-методические пособия
Тематический подзаголовок Кадры
-- Огневая подготовка
Географический подзаголовок Российская Федерация
Системный номер авторитетной/нормативной записи 2279886
Идентификатор авторитетной/нормативной записи RU\NLR\AUTH\661366006
686 1# - ИНДЕКСЫ ДРУГИХ КЛАССИФИКАЦИЙ
Индекс Х621.163.01я7
701 #1 - ИМЯ ЛИЦА - АЛЬТЕРНАТИВНАЯ ОТВЕТСТВЕННОСТЬ
Начальный элемент ввода Соболев
Часть имени, кроме начального элемента ввода А. Г.
Дополнения к именам, кроме дат преподаватель, огневая подготовка
Расширение инициалов личного имени Андрей Георгиевич
Системный номер авторитетной/нормативной записи 263807
Идентификатор авторитетной/нормативной записи RU\NLR\AUTH\770263863
701 #1 - ИМЯ ЛИЦА - АЛЬТЕРНАТИВНАЯ ОТВЕТСТВЕННОСТЬ
Начальный элемент ввода Байрамов
Часть имени, кроме начального элемента ввода С. А.
Расширение инициалов личного имени Санан Аджисаятович
701 #1 - ИМЯ ЛИЦА - АЛЬТЕРНАТИВНАЯ ОТВЕТСТВЕННОСТЬ
Графика поля Кириллица
Материалы, к которым относится поле rus
Начальный элемент ввода Николаев
Часть имени, кроме начального элемента ввода Н. Ю.
Дополнения к именам, кроме дат преподаватель, огневая подготовка
Расширение инициалов личного имени Николай Юрьевич
Системный номер авторитетной/нормативной записи 189926
Идентификатор авторитетной/нормативной записи RU\NLR\AUTH\770189977
712 02 - НАИМЕНОВАНИЕ ОРГАНИЗАЦИИ - ВТОРИЧНАЯ ОТВЕТСТВЕННОСТЬ
Код отношения Прочие
Начальный элемент ввода Уральский юридический институт
Структурное подразделение Кафедра огневой подготовки
Идентифицирующий признак Екатеринбург
Системный номер авторитетной/нормативной записи 769047
Идентификатор авторитетной/нормативной записи RU\NLR\AUTH\880551506
942 ## - ДОПОЛНИТЕЛЬНЫЕ ЭЛЕМЕНТЫ ЗАПИСИ (АБИС)
Тип экземпляра АБИС Книга
980 ## - КОЛЛЕКЦИЯ
Название коллекции Национальная библиография
Экземпляры
Тип экземпляра Дата поступления Источник поступления Библиотека постоянного хранения Библиотека текущего хранения Место хранения Шифр хранения Штрих-код Статус экземпляра
Книга 04.04.2023 Обязательный экземпляр РНБ (Московский) РНБ (Московский) Русский книжный фонд: издания с 1957 года 2023-4/2788 1-4169727  
Книга 04.04.2023 Обязательный экземпляр РНБ (Московский) РНБ (Московский) Русский книжный фонд: издания с 1957 года 2023-4/2788 1-4174022